|
|
|
|
| LEADER |
01675cas a2200241 a 4500 |
| 001 |
AALejournalIMF009574 |
| 008 |
230101c9999 xx r poo 0 0eng d |
| 020 |
|
|
|c 5.00 USD
|
| 020 |
|
|
|z 9781451867855
|
| 022 |
|
|
|a 1018-5941
|
| 040 |
|
|
|a BD-DhAAL
|c BD-DhAAL
|
| 100 |
1 |
|
|a Purfield, Catriona.
|
| 245 |
1 |
0 |
|a India :
|b Asset Prices and the Macroeconomy /
|c Catriona Purfield.
|
| 264 |
|
1 |
|a Washington, D.C. :
|b International Monetary Fund,
|c 2007.
|
| 300 |
|
|
|a 1 online resource (21 pages)
|
| 490 |
1 |
|
|a IMF Working Papers
|
| 500 |
|
|
|a <strong>Off-Campus Access:</strong> No User ID or Password Required
|
| 500 |
|
|
|a <strong>On-Campus Access:</strong> No User ID or Password Required
|
| 506 |
|
|
|a Electronic access restricted to authorized BRAC University faculty, staff and students
|
| 520 |
3 |
|
|a This paper examines rising asset prices in India. For the most part, asset prices in India reflect structural factors but the risk of a correction cannot be ruled out. However, at this juncture monetary policy may not be the most effective tool to safeguard financial stability because (i) India's economy is undergoing rapid structural change making it difficult to identify price misalignments; (ii) the macroeconomic impact of an asset price correction is likely to be small; and (iii) the relationship between monetary policy and asset prices is also weak. Targeted changes in financial regulations are better tools to address potential risks.
|
| 538 |
|
|
|a Mode of access: Internet
|
| 830 |
|
0 |
|a IMF Working Papers; Working Paper ;
|v No. 2007/221
|
| 856 |
4 |
0 |
|z Full text available on IMF
|u http://elibrary.imf.org/view/journals/001/2007/221/001.2007.issue-221-en.xml
|z IMF e-Library
|